Bayes and empirical bayes methods for data analysis

Guardado en:
Detalles Bibliográficos
Autores principales: Carlin, Bradley P (Autor), Louis, Thomas A (Autor)
Formato: Libro
Lenguaje:inglés
Publicado: Boca Ratón Chapman and Hall 1998
Colección:Monographs on Statistics and Applied Probability Series, 69
Materias:
Etiquetas: Agregar Etiqueta
Sin Etiquetas, Sea el primero en etiquetar este registro!

MARC

LEADER 00000nam a2200000 a 4500
001 UCP6278
003 CL-VaPUC
008 991021e19980000US |||||||||||||||||eng|d
082 0 4 |a 519.5  |b CAR  |2 21 
100 0 |a Carlin, Bradley P  |e author  |9 435277 
700 0 |a Louis, Thomas A  |e author  |9 435278 
245 1 0 |a Bayes and empirical bayes methods for data analysis 
300 |a 399 p 
942 |c BK 
945 |d 19991021 00:00:00  |a rbrito 
260 |a Boca Ratón  |b Chapman and Hall  |c 1998 
650 0 |a Estadísticas matemáticas  |9 335044 
650 7 |a BIOESTADISTICAS  |2 CL-VaPUC  |9 423804 
650 0 |a Probabilidades   |9 260199 
650 0 |a Estadísticas  |9 258644 
583 |a last modification  |c 19991021 00:00:00  |k Rodrigo Vera 
490 0 |a Monographs on Statistics and Applied Probability Series, 69 
999 |c 283875  |d 283873 
952 |0 0  |1 0  |4 0  |6 519_500000000000000_CAR_1998  |7 0  |8 A  |9 327394  |a BIBGIM  |b BIBGIM  |d 2019-11-20  |i 3571211  |o 519.5 CAR 1998  |p 3571211  |r 2025-01-15  |w 2019-11-20  |y BK  |k EST